00313nam a2200121Ia 4500008004100000100002200041245002300063260003200086300000800118650004300126942000700169999001500176190216s9999||||xx |||||||||||||| ||und|| aHarish Srivastava 0aLet`S Learn Foxpro bSterling Publicationsc1993 a40p a"Computer Programming. Programs, Data" cBK c8414d8414